000 00810nam a2200193Ii 4500
003 JO-AjNU
008 230605s9999||||xx |||||||||||||| ||und||
040 _aJO-AjNU
_bara
_erda
_cJO-AjNU
041 _aara
050 1 4 _aBP70.I2732 1900
100 3 _aتاليف: ابن الجوزي، جمال الدين ابي الفرج عبدالرحمن بن علي الجوزي؛ صنع فهارسه: عبدالسلام محمد هارون,
_eauthor
_959038
245 0 0 _aصفة الصفوة، مج 1-2
264 3 1 _aمكة المكرمة: المكتبة التجارية، 1900
300 _aمج1-2: 334ص
_bيحتوي على فهرس من ص 323-334
336 _atext
_btxt
_2rdacontent
337 _aunmediated
_bn
_2rdamedia
338 _avolume
_bnc
_2rdacarrier
650 4 _aالمسلمون- تراجم
_959039
999 _aA26547
_c30115
_d30115